Barium

Αποθηκεύτηκε σε:
Λεπτομέρειες βιβλιογραφικής εγγραφής
Συγγραφή απο Οργανισμό/Αρχή: International Programme on Chemical Safety
Μορφή: Βιβλίο
Γλώσσα:English
Δημοσίευση: Geneva : World Health Organization, c1990
Σειρά:Environmental health criteria ; ; 107
Θέματα:
Ετικέτες: Προσθήκη ετικέτας
Δεν υπάρχουν, Καταχωρήστε ετικέτα πρώτοι!

MARC

LEADER 00000nam a2200000 i 4500
001 1/68602
008 931202s eng d
020 |a 92-4-157107-1 
035 |a ΛΕΣΒΟΣb10002098  |l 10002098 
040 |a GR-MY-UA  |b gre  |e aacr 
041 0 |a eng 
082 0 |a 669.725 
110 2 |a International Programme on Chemical Safety. 
245 1 0 |a Barium /  |c International Programme on Chemical Safety 
260 |a Geneva :   |b World Health Organization,   |c c1990 
300 |a 148 p. 
490 1 |a Environmental health criteria  |v ; 107  |x 0250-863X 
500 |a Published under the joint sponsorship of the United Nations Environment Programme, the International Labour Organisation, and the World Health Organization.Includes bibliographical referenses. 
650 0 0 |a Barium. 
650 0 0 |a Environmental health. 
830 0 |a Environmental health criteria ;  |v ; 107  |x 0250-863X 
852 |a INST  |b LESVOS  |e 19931202  |h 669.725 BAR  |p 005100006060  |q 005100006060  |t BK  |y 0 
909 |a Λ  |b 027528